| 000 | 00475cam a2200181ua 4500 | ||
|---|---|---|---|
| 001 | 10791 | ||
| 008 | 190403n ii |||gr||||Z||||||eng | ||
| 020 | _a9788183334419 | ||
| 040 | _cMAIN | ||
| 082 | _a005 | ||
| 100 |
_aIvan Bayross, _eAuthor. |
||
| 245 |
_aHTML5 and CSS3 : _bmade simple / _cby Ivan Bayross . |
||
| 250 | _a1st rep. | ||
| 260 |
_aNew Delhi: _bBPB publications, _c2016. |
||
| 300 | _a301p. | ||
| 653 | _aComputer programming, programs & data | ||
| 942 | _cBK | ||
| 999 |
_c9753 _d9753 |
||